000 00297nam a2200133Ia 4500
100 _aSinclair/ R.Ian.
942 _cBK
366 _f15
654 _aMultimedia On The Pc
245 _aMultimedia On The Pc
260 _bB.P.B.Publications
_aNew Delhi
_c1995
300 _a194
546 _aENGLISH
999 _c25051
_d25051